000 00599nam a2200217 i 4500
001 bg
100 1 _aSZYMAŃSKI, Władysław
245 1 0 _aGlobalizacja :
_bwyzwania i zagrożenia /
_cWładysław Szymański.
260 _aWarszawa :
_b"Difin",
_c2001.
300 _a241 s. ;
_c24 cm.
504 _aBibliogr.
650 9 _aGlobalizacja
020 _a8372511756
040 _cBPK
041 0 _apl
080 _a339.92
920 _a83-7251-175-6
942 _cKS
008 s pl f |000 0 pol
999 _c41531
_d41531
856 _uhttp://koha.tu.koszalin.pl/cgi-bin/koha/opac-detail.pl?biblionumber=41531
_yKatalog online BPK